Pohádky z hradů a podhradí

Hlavní autor: Štětinová, Dagmar, 1927-2017
Korporativní autor: Kühnův smíšený sbor
Další autoři: Kühn, Pavel, 1938-2003, Sluka, Luboš, 1928-
Jazyk: Čeština
Vydáno: Praha : Lunarion, p1993
Témata:
Fyzický popis: 1 MC : stereo, Dolby systém + 1 složený list.
Zvukové nahrávky
Uloženo v:
LEADER 01426njm a2200361 a 4500
001 000266614
003 CZ BrMZK
005 20071119085346.0
008 950101s1993 xr f cze d
028 0 3 |a LN 0012-4 611  |b Lunarion 
040 |a BOA001  |b cze 
072 7 |a 821-93  |x Literatura pro děti a mládež (beletrie)  |2 Konspekt  |9 26 
072 7 |a 821.162.3-3  |x Česká próza  |2 Konspekt  |9 25 
080 |a 821.162.3-34  |2 MRF 
080 |a (0:82-34)  |2 MRF 
080 |a (086.7.053.2)  |2 MRF 
080 |a (086.7)  |2 MRF 
100 1 |a Štětinová, Dagmar,  |d 1927-2017  |7 jk01131391  |4 aut 
245 1 0 |a Pohádky z hradů a podhradí  |h [zvukový záznam] /  |c Dagmar Štětinová ; [hudba Luboš Sluka]. 
260 |a Praha :  |b Lunarion,  |c p1993 
300 |a 1 MC :  |b stereo, Dolby systém +  |e 1 složený list. 
500 |a Nahr. neuv 
500 |a Durata neuv 
511 0 |a Vypravují: Vladimír Ráž, Ilja Prachař; Jana Hlaváčová. 
655 7 |a české pohádky  |7 fd133970  |2 czenas 
655 7 |a zvukové záznamy pro děti a mládež  |7 fd186726  |2 czenas 
655 7 |a zvukové kazety  |7 fd186720  |2 czenas 
700 1 |a Kühn, Pavel,  |d 1938-2003  |7 jn19990009906  |4 cnd 
700 1 |a Sluka, Luboš,  |d 1928-  |7 jn20000710545  |4 cmp 
710 2 |a Kühnův smíšený sbor  |7 ko2003164871  |4 prf 
910 |a BOA001  |b KZ-0001.729 
990 |a AV 
996 6 |b 261H001762  |c KZ-0001.729  |l MZK  |r Sklad / do 24 hodin  |n 1  |w 000266614  |u 000010  |a 1  |e BOA001  |j MZK50  |s P